000 00346nam a2200145Ia 4500
005 20251222144631.0
008 251222s9999||||xx |||||||||||||| ||spa||
020 _a968-16-4741-6
082 _a320.15/H37
100 _aHeller, Hermann
245 0 _aLa soberanía:
250 _a2a.ed.
264 _bFondo de Cultura Económica
942 _cLIB
999 _c16288
_d16288